00653nam a2200193 a 45000010005000000030010000050050017000150080041000320200018000730400025000910800030001161100047001462450085001932600041002783000032003195040025003516500062003766500021004381406BR-CuiBMT20231215232945.0231206s2012 mtba 000 0 por d a9788580090628 aBR-CuiBMTcBR-CuiBMT a351.94:331x(817.2)220071 aMato GrossobTribunal Regional do trabalho10aTRT Mato Grosso :b20 anos de justiça social /cTribunal Regional do Trabalho. aCuiabá :bCarlini &Caniato,c2012. a160 p. :bil. color.c30 cm aInclui bibliografia. aTribunal Regional do Trabalhox23ª RegiãozMato Grosso aJustiça Social